50 najludniejszych miast w Azji według aglomeracji - Statystyki

Ogólne statystyki
  • Ten quiz został rozwiązany 93 razy
  • Średni wynik to 20 z 50
Statystyki odpowiedzi
Kraj Populacja Miasto % Poprawnych
Japonia 37,7 mln Tokio
99%
Chiny 18,5 mln Pekin
93%
Korea Południowa 23 mln Seul
89%
Indie 32,2 mln Nowe Delhi
86%
Indonezja 33,8 mln Dżakarta
78%
Turcja 16,1 mln Stambuł
78%
Chiny 24,1 mln Szanghaj
76%
Tajlandia 18 mln Bangkok
75%
Iran 14,1 mln Teheran
72%
Zjednoczone Emiraty Arabskie 6,4 mln Dubaj
70%
Wietnam 7,55 mln Hanoi
69%
Filipiny 24,9 mln Manila
69%
Indie 25 mln Mumbaj
69%
Arabia Saudyjska 7,24 mln Rijad
69%
Bangladesz 18,6 mln Dhaka
64%
Japonia 15,1 mln Osaka
64%
Irak 6,18 mln Bagdad
60%
Malezja 8,91 mln Kuala Lumpur
59%
Chiny 26,9 mln Kanton
57%
Tajwan 9,08 mln Tajpej
55%
Chiny 10,3 mln Wuhan
55%
Chiny 7,41 mln Hong Kong
54%
Pakistan 15,7 mln Karaczi
48%
Wietnam 15,1 mln Ho Chi Minh
41%
* 5,69 mln Singapur
41%
Indie 18,5 mln Kolkata
37%
Japonia 9,2 mln Nagoja
29%
Chiny 12,3 mln Xi'an
25%
Chiny 10,4 mln Tiencin
22%
Chiny 14,6 mln Chengdu
19%
Indie 12,4 mln Ćennaj
18%
Pakistan 12,3 mln Lahaur
18%
Indie 8,23 mln Pune
17%
Chiny 12,1 mln Chongqing
14%
Indie 10,5 mln Hajdarabad
14%
Chiny 8,42 mln Nankin
14%
Chiny 17,6 mln Shenzhen
14%
Indie 8,01 mln Ahmadabad
13%
Indie 15,4 mln Bengaluru
13%
Indonezja 7,51 mln Bandung
12%
Indie 6,54 mln Surat
12%
Chiny 7,96 mln Shenyang
11%
Indonezja 7 mln Surabaja
11%
Chiny 9,52 mln Hangzhou
8%
Mjanma 6,87 mln Jangon
8%
Chiny 6,23 mln Qingdao
7%
Chiny 10,6 mln Dongguan
6%
Chiny 11 mln Zhengzhou
6%
Chiny 6,03 mln Suzhou
4%
Chiny 6,68 mln Quanzhou
1%
Nie znaleziono quizów pasujących do podanych kryteriów
Rozkład punktacji
Procent ludzi z każdym wynikiem
Percentyl według liczby udzielonych odpowiedzi
Twoja historia wyników
Nie rozwiązałeś tego quizu